[Event "RUS-ch Silent"]
[Site "Zelenograd"]
[Date "2022.04.18"]
[Round "11"]
[White "Ivanov, Nikolay A1111"]
[Black "Muhutdinov, Rustam"]
[Result "0-1"]
[WhiteElo "1779"]
[BlackElo "1835"]
[PlyCount "136"]
[EventDate "2022.04.09"]
[EventType "swiss"]
[EventRounds "11"]
[EventCountry "RUS"]
[SourceTitle "EXT 2023"]
[Source "ChessBase"]
[SourceDate "2022.10.05"]
[SourceVersion "1"]
[SourceVersionDate "2022.10.05"]
[SourceQuality "1"]

1. Nf3 e6 2. c4 c5 3. g3 Nc6 4. Bg2 Nf6 5. 0-0 d5 6. cxd5 exd5 7. d4 c4 8. Nc3 Be6 9. Ne5 Be7 10. b3 cxb3 11. axb3 0-0 12. Nxc6 bxc6 13. Ba3 Re8 14. Qd3 Rb8 15. Na4 Bb4 16. Bxb4 Rxb4 17. Nc5 Re7 18. e3 Bc8 19. Ra3 a5 20. Rfa1 Ra7 21. Bf1 g6 22. Qc3 h5 23. h4 Ng4 24. R1a2 Qf6 25. Nd3 Rab7 26. Be2 a4 27. Bd1 axb3 28. Rxb3 Rxb3 29. Bxb3 Qf3 30. Ra8 Qf5 31. Bc2 Rc7 32. Nf4 Qd7 33. Bd3 Kg7 34. Qc2 Qd6 35. Qc5 Qxc5 36. dxc5 Be6 37. Ne2 Ne5 38. Ba6 Nd7 39. Rc8 Rxc8 40. Bxc8 Nxc5 41. Bxe6 Nxe6 42. Kf1 Kf6 43. Ke1 Ke5 44. f3 d4 45. Kd2 c5 46. Kd3 dxe3 47. Kxe3 Nd4 48. Nc3 Nf5+ 49. Kf2 c4 50. Ne4 Kd4 51. Ke2 c3 52. g4 Nxh4 53. gxh5 gxh5 54. Nf6 c2 55. Kd2 Nxf3+ 56. Kxc2 h4 57. Kd1 Ke3 58. Ng4+ Kf4 59. Nf2 Kg3 60. Ke2 f5 61. Kf1 Nd2+ 62. Kg1 h3 63. Nh1+ Kh4 64. Kf2 f4 65. Kg1 Ne4 66. Kh2 Kg4 67. Kg1 Kf3 68. Kh2 Ng3 0-1

[Event "RUS-ch Silent"]
[Site "Zelenograd"]
[Date "2022.04.16"]
[Round "9"]
[White "Kononov, Viktor V"]
[Black "Muhutdinov, Rustam"]
[Result "1-0"]
[WhiteElo "2015"]
[BlackElo "1835"]
[PlyCount "77"]
[EventDate "2022.04.09"]
[EventType "swiss"]
[EventRounds "11"]
[EventCountry "RUS"]
[SourceTitle "EXT 2023"]
[Source "ChessBase"]
[SourceDate "2022.10.05"]
[SourceVersion "1"]
[SourceVersionDate "2022.10.05"]
[SourceQuality "1"]

1. Nf3 e6 2. b3 c5 3. Bb2 d5 4. e3 Nc6 5. Bb5 Bd7 6. Bxc6 Bxc6 7. Ne5 Qc7 8. 0-0 Nf6 9. d3 Bd6 10. f4 0-0-0 11. Nd2 Rhg8 12. Ndf3 h6 13. Qe2 Ne8 14. Nxc6 Qxc6 15. Ne5 Qc7 16. e4 d4 17. c3 f6 18. Qg4 f5 19. Qg6 Qe7 20. cxd4 Bxe5 21. fxe5 Nc7 22. Rac1 cxd4 23. exf5 exf5 24. Qxf5+ Kb8 25. Qe4 Ne6 26. Rc4 Rd7 27. Rfc1 Rgd8 28. R1c2 Qg5 29. Ba3 a6 30. Bd6+ Ka7 31. Rf2 Qh5 32. Rc1 g5 33. Qf5 Nf4 34. Rxf4 Qe2 35. Rf2 Qe3 36. Rcc2 Qe1+ 37. Rf1 Qa5 38. Qe4 Re8 39. Qxd4+ 1-0

[Event "RUS-ch Silent"]
[Site "Zelenograd"]
[Date "2022.04.12"]
[Round "4"]
[White "Muhutdinov, Rustam"]
[Black "Skorobogatykh, Andrey"]
[Result "1/2-1/2"]
[WhiteElo "1835"]
[BlackElo "1994"]
[PlyCount "152"]
[EventDate "2022.04.09"]
[EventType "swiss"]
[EventRounds "11"]
[EventCountry "RUS"]
[SourceTitle "EXT 2023"]
[Source "ChessBase"]
[SourceDate "2022.10.05"]
[SourceVersion "1"]
[SourceVersionDate "2022.10.05"]
[SourceQuality "1"]

1. e4 c5 2. Nf3 a6 3. d4 cxd4 4. Nxd4 Nf6 5. Nc3 e5 6. Nf3 Bb4 7. Bd2 0-0 8. Bd3 d6 9. h3 Be6 10. 0-0 Nbd7 11. a3 Ba5 12. b4 Bc7 13. Bg5 Qb8 14. Re1 h6 15. Bh4 Bd8 16. Qe2 Qc7 17. Nd1 Rc8 18. Ne3 Nb6 19. Nd2 Na4 20. c4 Nb2 21. Rac1 Nxd3 22. Qxd3 Be7 23. Bxf6 Bxf6 24. Nd5 Bxd5 25. Qxd5 Bg5 26. Rc2 Bxd2 27. Qxd2 b5 28. Rec1 bxc4 29. Rxc4 Qd7 30. Rxc8 Rxc8 31. Rxc8+ Qxc8 32. f3 Qc6 33. Kf2 Kf8 34. Qd5 Qb6+ 35. Kg3 Ke7 36. Qc4 g6 37. a4 h5 38. b5 axb5 39. Qxb5 Qe3 40. a5 Qf4+ 41. Kf2 Qd2+ 42. Kg1 Qc1+ 43. Qf1 Qc5+ 44. Qf2 Qxa5 45. g4 hxg4 46. Qh4+ Ke8 47. Qxg4 Qe1+ 48. Kg2 Qd2+ 49. Kf1 Ke7 50. Qc8 Qd3+ 51. Kf2 Qd4+ 52. Kg2 Qc5 53. Qb7+ Ke6 54. Qa8 Ke7 55. Qb7+ Kf6 56. Qb8 Kg7 57. Qd8 Qc2+ 58. Kg3 Qd2 59. h4 Qf4+ 60. Kg2 Qf6 61. Qd7 Qxh4 62. Qxd6 Qf4 63. Kf2 f6 64. Qd7+ Kh6 65. Qh3+ Kg5 66. Qg2+ Kh5 67. Ke2 f5 68. Kd3 fxe4+ 69. fxe4 Qh4 70. Kc4 g5 71. Kd5 Qf4 72. Qh3+ Kg6 73. Qe6+ Qf6 74. Qg8+ Kh6 75. Qc8 Kg6 76. Qg8+ Kh6 1/2-1/2

[Event "RUS-ch Silent"]
[Site "Zelenograd"]
[Date "2022.04.11"]
[Round "3"]
[White "Chirkov, Evgeny"]
[Black "Muhutdinov, Rustam"]
[Result "0-1"]
[WhiteElo "1499"]
[BlackElo "1835"]
[PlyCount "86"]
[EventDate "2022.04.09"]
[EventType "swiss"]
[EventRounds "11"]
[EventCountry "RUS"]
[SourceTitle "EXT 2023"]
[Source "ChessBase"]
[SourceDate "2022.10.05"]
[SourceVersion "1"]
[SourceVersionDate "2022.10.05"]
[SourceQuality "1"]

1. e4 c5 2. Nf3 Nc6 3. Bb5 d6 4. 0-0 Bd7 5. Re1 e5 6. c3 Nge7 7. d3 a6 8. Bc4 h6 9. d4 Bg4 10. h3 Bh5 11. Nbd2 cxd4 12. g4 dxc3 13. bxc3 Bg6 14. Nf1 Qd7 15. Ng3 Rd8 16. Bd5 Nxd5 17. exd5 Na5 18. Nd4 Be7 19. Ndf5 0-0 20. Nxe7+ Qxe7 21. Nf5 Bxf5 22. gxf5 Qh4 23. Qg4 Qxg4+ 24. hxg4 Rc8 25. Re3 Rc4 26. Rg3 b5 27. Ba3 Nb7 28. g5 h5 29. Rb1 g6 30. f6 Rfc8 31. Bb2 Kf8 32. Bc1 Rxc3 33. Rxc3 Rxc3 34. Be3 Nc5 35. Bxc5 Rxc5 36. a4 Ke8 37. axb5 Rxb5 38. Ra1 a5 39. Kg2 Kd7 40. Ra2 Rxd5 41. Ra4 Ke6 42. f4 exf4 43. Rxf4 Rxg5+ 0-1

[Event "RUS-ch Silent"]
[Site "Zelenograd"]
[Date "2022.04.09"]
[Round "1"]
[White "Shajakhmetov, Linat"]
[Black "Muhutdinov, Rustam"]
[Result "1-0"]
[WhiteElo "2093"]
[BlackElo "1835"]
[PlyCount "59"]
[EventDate "2022.04.09"]
[EventType "swiss"]
[EventRounds "11"]
[EventCountry "RUS"]
[SourceTitle "EXT 2023"]
[Source "ChessBase"]
[SourceDate "2022.10.05"]
[SourceVersion "1"]
[SourceVersionDate "2022.10.05"]
[SourceQuality "1"]

1. d4 d5 2. c4 e6 3. Nf3 Bb4+ 4. Bd2 Bxd2+ 5. Nbxd2 Nf6 6. g3 0-0 7. Bg2 c6 8. 0-0 a5 9. Qc2 Nbd7 10. e4 dxe4 11. Nxe4 Nxe4 12. Qxe4 Nf6 13. Qe3 Bd7 14. Ne5 Rc8 15. Rfd1 Qe7 16. a4 Rfd8 17. Qc3 b6 18. Qb3 Qb4 19. Qxb4 axb4 20. Nd3 c5 21. dxc5 bxc5 22. Ne5 Be8 23. a5 Rxd1+ 24. Rxd1 Rc7 25. a6 Ra7 26. Bb7 Kf8 27. Rd8 Ke7 28. Ra8 Rxa8 29. Bxa8 Kd6 30. Bg2 1-0

[Event "RUS-ch Silent"]
[Site "Zelenograd"]
[Date "2020.10.07"]
[Round "5"]
[White "Varezhkin, Viktor"]
[Black "Muhutdinov, Rustam"]
[Result "1-0"]
[WhiteElo "2168"]
[BlackElo "1857"]
[PlyCount "95"]
[EventDate "2020.10.03"]
[EventType "swiss"]
[EventRounds "11"]
[EventCountry "RUS"]
[SourceTitle "EXT 2022"]
[Source "ChessBase"]
[SourceDate "2021.10.06"]
[SourceVersion "1"]
[SourceVersionDate "2021.10.06"]
[SourceQuality "1"]

1. e4 c5 2. Nf3 Nc6 3. Bb5 d6 4. Bxc6+ bxc6 5. b3 Nf6 6. Qe2 e5 7. d3 Be7 8. h3 a5 9. a4 h6 10. Nbd2 Be6 11. Nf1 0-0 12. Ng3 Nd7 13. Nf5 Bxf5 14. exf5 d5 15. Bb2 Bf6 16. 0-0-0 Re8 17. Nd2 Bg5 18. Kb1 Bxd2 19. Rxd2 Qg5 20. g4 e4 21. Rdd1 e3 22. Bc1 exf2 23. Qxe8+ Rxe8 24. Bxg5 hxg5 25. Rdf1 Re2 26. Kc1 c4 27. Kd1 cxd3 28. cxd3 Rb2 29. Rh2 Nc5 30. Rfxf2 Rxb3 31. Rb2 Rxd3+ 32. Kc2 f6 33. Rb6 Ra3 34. Kb2 Rxa4 35. Rxc6 Nd3+ 36. Kc3 Nf4 37. Rb2 Nxh3 38. Rb8+ Kh7 39. Ra6 d4+ 40. Kc2 d3+ 41. Kxd3 Nf2+ 42. Ke2 Nxg4 43. Raa8 Ra2+ 44. Ke1 Ra1+ 45. Kd2 Ra2+ 46. Kc1 Rc2+ 47. Kb1 g6 48. Ra7+ 1-0

[Event "RUS-ch Silent"]
[Site "Zelenograd"]
[Date "2019.04.06"]
[Round "4"]
[White "Muhutdinov, Rustam"]
[Black "Maslov, Andrey"]
[Result "1-0"]
[WhiteElo "1787"]
[BlackElo "1944"]
[PlyCount "87"]
[EventDate "2019.04.03"]
[EventType "swiss"]
[EventRounds "11"]
[EventCountry "RUS"]
[SourceTitle "CBM 190 Extra"]
[Source "ChessBase"]
[SourceDate "2019.07.15"]
[SourceVersion "1"]
[SourceVersionDate "2019.07.15"]
[SourceQuality "1"]

1. e4 e5 2. Nf3 Nc6 3. d4 exd4 4. Nxd4 d6 5. Bc4 Be7 6. 0-0 Nf6 7. Nc3 0-0 8. Re1 Ne5 9. Qe2 c5 10. Nf5 Bxf5 11. exf5 Re8 12. Bb5 Nc6 13. Bxc6 bxc6 14. Qd3 d5 15. Bg5 h6 16. Bh4 Ng4 17. Bg3 Bf6 18. Rxe8+ Qxe8 19. h3 Ne5 20. Qa6 Nc4 21. Na4 Nxb2 22. Nxb2 Bxb2 23. Rb1 Bd4 24. Qb7 Qc8 25. Qxa8 Qxa8 26. Rb8+ Qxb8 27. Bxb8 c4 28. Kf1 Kf8 29. Ke2 Ke7 30. g4 Kf6 31. f4 a6 32. Bc7 Ke7 33. g5 hxg5 34. fxg5 g6 35. Kf3 gxf5 36. h4 Ke6 37. h5 Bb2 38. h6 Bh8 39. Bd8 f4 40. h7 Kf5 41. Bf6 Kg6 42. Bxh8 Kxh7 43. Bd4 Kg6 44. Kxf4 1-0

[Event "RUS-ch Silent"]
[Site "Zelenograd"]
[Date "2018.10.27"]
[Round "3"]
[White "Muhutdinov, Rustam"]
[Black "Pogoskin, Roman"]
[Result "0-1"]
[WhiteElo "1955"]
[BlackElo "2019"]
[PlyCount "102"]
[EventDate "2018.10.25"]
[EventType "swiss"]
[EventRounds "11"]
[EventCountry "RUS"]
[SourceTitle "EXT 2020"]
[Source "ChessBase"]
[SourceDate "2019.10.17"]
[SourceVersion "1"]
[SourceVersionDate "2019.10.17"]
[SourceQuality "1"]

1. e4 e5 2. Nf3 Nf6 3. Nc3 Nc6 4. d4 exd4 5. Nxd4 Nxd4 6. Qxd4 d6 7. Bg5 Be7 8. 0-0-0 0-0 9. h3 Re8 10. g4 Bd7 11. f4 Bc6 12. Bd3 Nd7 13. Bxe7 Qxe7 14. g5 Nc5 15. Rhe1 Nxd3+ 16. cxd3 a6 17. h4 Rad8 18. h5 f6 19. gxf6 Qxf6 20. Qxf6 gxf6 21. Rg1+ Kf7 22. Rg3 Rg8 23. Rdg1 Rxg3 24. Rxg3 Rg8 25. Rxg8 Kxg8 26. Ne2 Kg7 27. Ng3 Kh6 28. Kd2 Bd7 29. Ke3 Bg4 30. Kd4 Bxh5 31. Nf5+ Kg6 32. Nh4+ Kf7 33. f5 Ke7 34. a3 c5+ 35. Kc3 d5 36. b4 Kd6 37. bxc5+ Kxc5 38. d4+ Kd6 39. Kd3 b5 40. exd5 a5 41. Kc3 Kxd5 42. Kd3 Bg4 43. Ke3 b4 44. axb4 axb4 45. Kd3 Bh3 46. Ke3 b3 47. Kd3 b2 48. Kc2 Kxd4 49. Kxb2 Ke5 50. Kc3 Kf4 51. Kd4 Kg3 0-1